LEADER 01493nam a2200337 a 4500 001 000000123649 003 CaOOAMICUS 005 20101103145330.0 008 101103s2002 it d u000 u ita r 020 $a88-15-08852-0 040 $aPUL$bita 041 1 $aita$heng 082 04$a370.9 100 1 $aCipolla, Carlo M.,$d1922-2000.$0(OLS)http://pul/name/12851 240 10$aLiteracy and development in the West.$lItaliano.$0(OLS)http://pul/title/155856 245 10$aIstruzione e sviluppo :$bil declino dell'analfabetismo nel mondo occidentale /$cCarlo M. Cipolla. 260 $aBologna :$bIl Mulino,$c©2002. 300 $a155 p. :$bgrafici ;$c21 cm 490 1 $aIntersezioni (Il Mulino) ;$v234 504 $aNote bibliografiche. 650 4$aAnalfabeti e analfabetismo.$0(OLS)http://pul/subject/21876 650 4$aAlfabetismo$zOccidente.$0(OLS)http://pul/subject/37315 830 0$aIntersezioni (Il Mulino) ;$v234.$0(OLS)http://pul/title/12445 850 $aPUL 852 $aPUL$W1$xSL Diritto e Scienze Sociali 3$y79$m370. 9 CIPCA 1$j142361$qDDC 21$B141324$CPULBib$Z2$F141324 $H115008 $82 941 1 $a9 996 $6020$a88-15-08852-0$9(OLS)http://pul/number/145838 996 $6082$a370.9$9(OLS)http://pul/classification/1736 996 $6245$aIstruzione e sviluppo :$bil declino dell'analfabetismo nel mondo occidentale$9(OLS)http://pul/title/155857 996 $6260$aBologna :$bIl Mulino$9(OLS)http://pul/publisher/47928 LEADER 01239naa a2200253 a 4500 001 000000145912 003 CaOOAMICUS 005 20150922100330.0 008 150922s1991 it u000 u ita r 040 $aPUL$bita 245 00$aMichele Amari storico e politico :$batti del seminario di studi Palermo 27-30 novembre 1989 /$ca cura di Andrea Borruso. 260 $aPalermo :$bSocietą siciliana per la storia patria$g1991 300 $a380 p. ;$c24 cm 504 $aNotes bibliogr. 600 14$aAmari, Michele.$0(OLS)http://pul/subject/41492 700 1 $aBorruso, Andrea.$0(OLS)http://pul/name/88104 773 0 $tArchivio storico siciliano (Palermo, Italy : 1946)$dPalermo : Societą siciliana per la storia patria, 1947-$gserie IV, vol. XVI (1990)$w()16991 850 $aPUL 852 $aPUL$W1$xDP1 Religione 1$y20$m641 G 107$j168869$qStampati$B169508$CPULBib$Z2$F169508 $H68349 $82 941 1 $a8 961 $aNota ms. di possesso: A. Piolanti 996 $6245$aMichele Amari storico e politico :$batti del seminario di studi Palermo 27-30 novembre 1989$9(OLS)http://pul/title/184491 996 $6260$aPalermo :$bSocietą siciliana per la storia patria$9(OLS)http://pul/publisher/54831